| 000 | 00630cam a2200205 i 4500 | ||
|---|---|---|---|
| 003 | OSt | ||
| 005 | 20250801093447.0 | ||
| 008 | 750311s1974 enk b 001 0 eng | ||
| 020 | _a0713145129 | ||
| 040 |
_aKABLIB _cKABLIB _beng _erda |
||
| 082 | 0 | 0 |
_a616.0756 _223 _bGRA |
| 100 | 1 |
_aGray, C. H. _q(Charles Horace) _914580 |
|
| 245 | 1 | 0 |
_aClinical chemical pathology / _cC. H. Gray. |
| 250 | _a10th ed. | ||
| 260 |
_aLondon : _bEdward Arnold (Publishers) Ltd., _cc1985. |
||
| 300 |
_aviii, 247 p. : _bill. ; _c21 cm. |
||
| 504 | _aIncludes bibliographies, appendix, index. | ||
| 650 | 0 |
_aClinical chemistry. _97465 |
|
| 942 |
_2ddc _cBOOK |
||
| 999 |
_c5755 _d5755 |
||